Transactional analysis for trainers
Αποθηκεύτηκε σε:
| Κύριος συγγραφέας: | |
|---|---|
| Μορφή: | Βιβλίο |
| Γλώσσα: | English |
| Δημοσίευση: |
London : New York :
McGraw-Hill,
c1992
|
| Σειρά: | McGraw-Hill training series
|
| Θέματα: | |
| Ετικέτες: |
Προσθήκη ετικέτας
Δεν υπάρχουν, Καταχωρήστε ετικέτα πρώτοι!
|
MARC
| LEADER | 00000cam a2200000 i 4500 | ||
|---|---|---|---|
| 001 | 1/34029 | ||
| 008 | 950806s1992 eng d | ||
| 020 | |a 007707470X | ||
| 035 | |l 10024039 | ||
| 040 | |a GR-MY-UA |b gre |e aacr | ||
| 041 | 0 | |a eng | |
| 082 | 0 | |a 658.3124 |2 (20) | |
| 100 | 1 | |a Hay, Julie. | |
| 245 | 1 | 0 | |a Transactional analysis for trainers / |c Julie Hay |
| 260 | |a London : |a New York : |b McGraw-Hill, |c c1992 | ||
| 300 | |a xv, 219 p.; |b ill.; |c 24 cm | ||
| 490 | 1 | |a McGraw-Hill training series | |
| 504 | |a Includes bibliographical references (p. [214]-215) and index | ||
| 650 | 0 | 0 | |a Employees |x Training of |x Psychological aspects. |
| 650 | 0 | 0 | |a Transactional analysis. |
| 830 | 0 | |a McGraw-Hill training series | |
| 852 | |a INST |b CHIOS |e 19950806 |h 658.3124 HAY |p 005200002009 |q 005200002009 |t BK |y 0 | ||
| 909 | |a Χ |b 031102 | ||